Belgier in der Bundesliga 25/26 - Statistiken

Allgemein
  • Dieses Quiz wurde 33 mal gespielt
  • Das Durchschnittsergebnis liegt bei 6 aus 10
Antwortstatistiken
Hint Antwort % Korrekt
Frankfurt IV Theate
87%
Frankfurt ST Batshuayi
70%
Bremen ZM Lynen
67%
Hamburg ZM Lokonga
63%
Bremen LF Mbangula
63%
Leipzig TW Vandevoordt
63%
Leipzig RF Bakayoko
57%
Breme LV Deman
57%
Stuttgart IV Al-Dakhil
30%
Köln RM Castro-Montes
27%
Keine übereinstimmenden Quizze gefunden
Verteilung der Resultate
Anzahl Personen mit jedem Resultat
Perzentil nach korrekt beantworteten Fragen
Ihre Resultats-Entwicklung
Sie haben dieses Quiz noch nicht gespielt